000 02965nam a2200709 a 4500
005 20240423113343.0
008 100824s2012||||ag a f |||| 001 0 spa d
020 _a9789875701533
041 _aspa
092 _c614.462
_l76
_sRUI
100 1 _aRuíz, Maximino.
_91299
245 _aDiabetes Mellitus /
_cMaximino Ruíz.
250 _a4a ed.
260 _aBuenos Aires:
_bLibreria Akadia Editorial;
_c2012.
300 _a826 p.
_c18x26 cm.
500 _aRuíz, M. y Ruíz Morosini, M. L. (2012). Diabetes Mellitus. (4a ed.). Buenos Aires : Librería Akadia Editorial.
653 _aHistoria de la diabetes
653 _aEpidemiología de la Diabetes Mellitus en Latinoamérica
653 _aClasificación y diagnóstico de la Diabetes Mellitus
653 _aEtiopatogenia de la Diabetes Tipo 2
653 _aAutoinmunidad: marcadores inmunológicos en Diabetes Mellitus
653 _aGenética molecular de la Diabetes y sus complicaciones
653 _aFisiología del metabolismo intermedio
653 _aPancreas endocrino
653 _aDiabetes Mellitus en la infancia y adolescencia
653 _aObjetivos del control glucémico
653 _aLaboratorio en Diabetes Mellitus
653 _aActividad física y diabetes
653 _aTratamiento de las diabetes: plan de alimentación
653 _aHipoglucemiantes orales
653 _aNuevos fármacos: incretinas
653 _aInsulinoterapia
653 _aTratamiento intensificado en la diabetes Tipo 1
653 _aEducación diabetológica
653 _aCetoacidosis diabética
653 _aSindrome hiperosmolar no cetosico y acidosis láctica
653 _aHipoglucemias
653 _aDiabetes labil
653 _aDiabetes Mellitus en el anciano
653 _aCirugía en paciente diabetico
653 _aPatogenia de las complicaciones crónicas
653 _aGlicación (Glicosilación) y Glico-oxidación de las proteínas en la Diabetes Mellitus
653 _aOftalmopatía diabética patogenia, clínica y tratamiento
653 _aNefropatología diabética: patogenia y clínica
653 _aTratamiento de la nefropatía diabética en el período predialítico
653 _aDiálisis peritoneal continua ambulatoria
653 _aTrasplante de islotes pancreáticos
653 _aNeuropatía diabética, periférica y autonómica
653 _aPie diabético
653 _aDislipidemia diabética
653 _aAterosclerosis y diabetes
653 _aDiabetes y corazón
653 _aHipertensión arterial y diabetes
653 _aDiabetes y embarazo
653 _aDiabetes y obesidad
653 _aAspectos psicológicos de la diabetes
653 _aCalidad de vida y Diabetes Mellitus
653 _aAsociaciones y grupos de autoayuda para personas con diabetes
653 _aAspectos socioeconómicos de la Diabetes Mellitus
700 1 _aRuíz Morosini, María Lidia
_92172
942 _2ddc
_cBK
999 _c1380
_d1380